Statistics for Every FIFA World Cup Finalist

Click here to take the quiz!

General Stats

  • This quiz has been taken 109 times
  • The average score is 42 of 44

Answer Stats

YearFinalistScore% Correct
2002Brazil2–0
99%
1958Brazil5–2
99%
1998Brazil3–0
99%
1970Brazil4–1
99%
1994 (p)Brazil*0–0
99%
1962Brazil3–1
99%
1950 (g)Brazil2–1
99%
1998France3–0
99%
2022 (p)France*3–3
99%
2006 (p)France*1–1
99%
2018France4–2
99%
1986Argentina3–2
98%
1930Argentina4–2
98%
1978 (AET)Argentina3–1
98%
2022 (p)Argentina*3–3
98%
1990Argentina1–0
98%
2014 (AET)Argentina1–0
98%
2014 (AET)Germany1–0
98%
2002Germany2–0
98%
2010 (AET)Spain1–0
98%
1966 (AET)West Germany4–2
98%
1954West Germany3–2
98%
1982West Germany3–1
98%
1986West Germany3–2
98%
1990West Germany1–0
98%
1974West Germany2–1
98%
1994 (p)Italy*0–0
97%
2006 (p)Italy*1–1
97%
1982Italy3–1
97%
1938Italy4–2
97%
1970Italy4–1
97%
1934 (AET)Italy2–1
97%
1950 (g)Uruguay2–1
97%
1930Uruguay4–2
97%
1966 (AET)England4–2
95%
1978 (AET)Netherlands3–1
95%
1974Netherlands2–1
95%
2010 (AET)Netherlands1–0
95%
2018Croatia4–2
93%
1958Sweden5–2
86%
1954Hungary3–2
74%
1938Hungary4–2
74%
1962Czechoslovakia3–1
68%
1934 (AET)Czechoslovakia2–1
68%

Score Distribution

Percentile by Number Answered

Percent of People with Each Score

Your Score History

You have not taken this quiz